Quick Pick: Shakespeare Siblings Quiz Stats

 Plays Quiz Updated Mar 5, 2018

Score 0/10 Timer 01:00
0 Plays Today
% Correct
Edward IV
74.6%
Regan
61.9%
Ophelia
57.4%
Bianca
54.9%
Sebastian
45.2%
Antipholus
43.5%
Antonio
34.4%
Lucius
31.5%
Orlando
30.2%
Claudio
27.4%

Today's Daily Dose

Missing Word
Wicked Songs

Word Ladder
Blue Ivies

Get the Picture
Green on the Flag?

You're not logged in!

Compare scores with friends on all Sporcle quizzes.
OR
Log In

You Might Also Like...

Show Comments

Extras

Top Quizzes Today


Score Distribution

Your Account Isn't Verified!

In order to create a playlist on Sporcle, you need to verify the email address you used during registration. Go to your Sporcle Settings to finish the process.

Report this User

Report this user for behavior that violates our Community Guidelines.

Details: